| 000 | 01374cam a22002535a 4500 | ||
|---|---|---|---|
| 001 | L143835 | ||
| 008 | 080702s2006 xxk f 001 0 eng d | ||
| 020 | _a0415343747 | ||
| 035 | _a(Sirsi) u143835 | ||
| 041 | 0 | _aeng | |
| 050 | 0 | 4 | _a711.1 $2 18 |
| 100 | 1 | _aNeedham, Barrie | |
| 245 | 0 | 0 |
_aPlanning, law and economics _ban investigation of the rules we make for using land |
| 260 |
_aLondon _bRoutledge _c2006 |
||
| 300 |
_a178p. _c25cm. |
||
| 490 | 0 | _aThe RTPI Library Series | |
| 505 | 2 | _aLand-use planning and property rights: a fraught relationship -- Two ways in which laws can influence how land is used -- The legal language: rights in land -- The economic language: making a good use of scarce resources -- An evolution of property law: rules under public law -- An evolution of property law: rules under private law -- Application: achieving neighbourhood quality -- Application: regional land-use planning -- Conclusions: the rules we make for using land | |
| 520 | _aLooks at land-use planning as it affects and is affected by property rights and illuminates core aspects of land-use planning - including effectivess, efficieny, ethics and ideology. These aspects are examined from the perspective of law and economics. | ||
| 521 | _aAdvanced | ||
| 590 | _aKA | ||
| 651 | 4 | _aInternational | |
| 690 |
_aPlanning and development _96259 |
||
| 942 | _n0 | ||
| 999 |
_c108281 _d108281 |
||